[Event "16th Unive op"]
[Site "Hoogeveen NED"]
[Date "2012.10.22"]
[Round "4.36"]
[White "Voss, Herman"]
[Black "Van der Raaf, Erik"]
[Result "1/2-1/2"]
[WhiteElo "2015"]
[BlackElo "2163"]
[EventDate "2012.10.19"]
[PlyCount "68"]

1.e4 c5 2.Nf3 Nc6 3.d4 cxd4 4.Nxd4 e5 5.Nb5 d6 6.N1c3 a6 7.Na3 b5 8.Nd5 
Nge7 9.Nxe7 Bxe7 10.c3 O-O 11.Nc2 Bg5 12.Ne3 Ne7 13.Bd3 Kh8 14.O-O f5 15.
Nxf5 Nxf5 16.exf5 Bxc1 17.Rxc1 d5 18.Bc2 Bxf5 19.Bxf5 Rxf5 20.Qd3 e4 21.
Qe3 Qf6 22.Rcd1 Rf8 23.b3 h6 24.Rd4 Rc8 25.Rc1 Qg6 26.c4 bxc4 27.bxc4 Rcf8
28.cxd5 Rxf2 29.Qxe4 Qb6 30.Rcd1 Rxa2 31.d6 Qb2 32.h3 Rf2 33.Qe8+ Kh7 34.
Qe4+ Kh8 1/2-1/2

[Event "16th Unive op"]
[Site "Hoogeveen NED"]
[Date "2012.10.22"]
[Round "4.37"]
[White "Haver, Daan"]
[Black "Klomp, Robert"]
[Result "1/2-1/2"]
[WhiteElo "1985"]
[BlackElo "2119"]
[EventDate "2012.10.19"]
[PlyCount "134"]

1.e4 e6 2.d4 d5 3.Nc3 Bb4 4.e5 c5 5.a3 Bxc3+ 6.bxc3 Qa5 7.Bd2 Qa4 8.h4 b6 
9.h5 h6 10.Rh4 Ba6 11.Bxa6 Qxa6 12.Qg4 Kf8 13.Qf3 Nc6 14.Nh3 Nge7 15.Nf4 
Ke8 16.Be3 Nf5 17.Nxd5 Rc8 18.Rg4 Qc4 19.dxc5 Qxd5 20.cxb6 Qxf3 21.gxf3 
axb6 22.Bxb6 Nxe5 23.Ra4 Ke7 24.O-O-O Ra8 25.Bc5+ Kf6 26.Rf4 Nc6 27.a4 
Rhd8 28.Rxd8 Rxd8 29.a5 Kg5 30.Ra4 Kxh5 31.a6 Kg5 32.a7 Ra8 33.Kd2 Nfe7 
34.Ra6 h5 35.Ke3 Kf5 36.f4 g6 37.Kf3 e5 38.fxe5 Kxe5 39.c4 g5 40.c3 f5 41.
Ke3 f4+ 42.Kd3 g4 43.Bxe7 Nxe7 44.Ra5+ Kf6 45.Ke4 Ng6 46.Rf5+ Kg7 47.Rxh5 
Rxa7 48.Rg5 Re7+ 49.Kf5 Re5+ 50.Kxg4 Kf6 51.Rxe5 Kxe5 52.f3 Ne7 53.Kg5 Nc6
54.Kg4 Na5 55.c5 Nc6 56.Kg5 Ne7 57.Kg4 Nc6 58.Kg5 Nd8 59.Kg4 Ne6 60.c6 Nc7
61.Kg5 Nd5 62.Kg4 Nf6+ 63.Kg5 Ne8 64.Kg4 Nc7 65.Kg5 Ne6+ 66.Kg4 Nc7 67.Kg5
Ne6+ 1/2-1/2

[Event "16th Unive op"]
[Site "Hoogeveen NED"]
[Date "2012.10.22"]
[Round "4.39"]
[White "Hoffman, Ron"]
[Black "Kolodkin, Daniil"]
[Result "0-1"]
[WhiteElo "2107"]
[BlackElo "1943"]
[EventDate "2012.10.19"]
[PlyCount "54"]

1.g3 Nf6 2.Bg2 c6 3.Nf3 d5 4.c4 dxc4 5.Na3 b5 6.Nxb5 cxb5 7.Ng1 Nd5 8.a4 
Bb7 9.axb5 Qb6 10.Qa4 Nc3 11.Bxb7 Nxa4 12.Bxa8 Qxb5 13.Nf3 Nc6 14.O-O e6 
15.d3 cxd3 16.exd3 Bc5 17.d4 Nxd4 18.Nxd4 Bxd4 19.Rd1 e5 20.Be3 Bxe3 21.
fxe3 O-O 22.Bd5 Nxb2 23.Rab1 Qe2 24.Re1 Qd2 25.e4 Rc8 26.Bb3 Rc3 27.Bd5 
Rc2 0-1

[Event "16th Unive op"]
[Site "Hoogeveen NED"]
[Date "2012.10.23"]
[Round "5.1"]
[White "Willemze, Thomas"]
[Black "l`Ami, Erwin"]
[Result "1-0"]
[WhiteElo "2377"]
[BlackElo "2631"]
[EventDate "2012.10.19"]
[PlyCount "55"]

1.e4 e5 2.Nf3 Nc6 3.Nc3 Bc5 4.Nxe5 Nxe5 5.d4 Bd6 6.dxe5 Bxe5 7.Bd2 Nf6 8.
Bd3 O-O 9.f4 Bxc3 10.Bxc3 Re8 11.e5 d6 12.O-O Bg4 13.Qe1 dxe5 14.fxe5 Nd5 
15.Qe4 f5 16.Qc4 Kh8 17.Rae1 Nb6 18.Qf4 Nd5 19.Qc4 Nb6 20.Qf4 Nd5 21.Qg3 
Nxc3 22.bxc3 Qd5 23.h3 Bh5 24.Rxf5 Bg6 25.Rf4 Qc5+ 26.Kh2 Qxc3 27.Rc4 Qa5 
28.Bxg6 1-0

[Event "16th Unive op"]
[Site "Hoogeveen NED"]
[Date "2012.10.23"]
[Round "5.3"]
[White "Van Kampen, Robin"]
[Black "Wiersma, Eelke"]
[Result "1-0"]
[WhiteElo "2570"]
[BlackElo "2367"]
[EventDate "2012.10.19"]
[PlyCount "51"]

1.e4 c5 2.Nf3 e6 3.d4 cxd4 4.Nxd4 Nf6 5.Nc3 Nc6 6.Ndb5 Bc5 7.Bf4 O-O 8.Bc7
Qe7 9.Bd6 Bxd6 10.Qxd6 Qd8 11.Nc7 Rb8 12.Be2 b5 13.e5 b4 14.exf6 bxc3 15.
fxg7 Kxg7 16.b3 Qf6 17.Rd1 Nb4 18.O-O Rb6 19.Qc5 Bb7 20.Rxd7 Rc8 21.Bh5 
Nd5 22.Nxd5 exd5 23.Qe3 Rf8 24.Re1 Bc8 25.Qg3+ Kh8 26.Rxf7 1-0

[Event "16th Unive op"]
[Site "Hoogeveen NED"]
[Date "2012.10.23"]
[Round "5.5"]
[White "l`Ami, Alina"]
[Black "Brynell, Stellan"]
[Result "1/2-1/2"]
[WhiteElo "2376"]
[BlackElo "2500"]
[EventDate "2012.10.19"]
[PlyCount "121"]

1.d4 e6 2.c4 Nf6 3.Nc3 Bb4 4.Qc2 O-O 5.e4 d5 6.e5 Ne4 7.Bd3 c5 8.Ne2 cxd4 
9.Nxd4 Nd7 10.Bf4 Qh4 11.g3 Qh5 12.cxd5 exd5 13.O-O Nxc3 14.bxc3 Bc5 15.
Rfe1 f6 16.Qb3 Nb6 17.a4 Bh3 18.a5 Bxd4 19.cxd4 Nc4 20.Bxc4 dxc4 21.Qxc4+ 
Kh8 22.Ra3 fxe5 23.Bxe5 Qf5 24.f4 Rac8 25.Qd3 Qxd3 26.Rxd3 Rc2 27.g4 Bg2 
28.d5 Kg8 29.Rb1 Rfc8 30.Rb2 Rxb2 31.Bxb2 Be4 32.Rd4 Bf3 33.h3 Kf7 34.Ba3 
Rd8 35.d6 Bc6 36.Bc5 Ke6 37.f5+ Kd7 38.Bxa7 Re8 39.Kf2 Re5 40.Bb6 h5 41.
Kg3 hxg4 42.hxg4 Rd5 43.Rxd5 Bxd5 44.Kf4 Kxd6 45.Kg5 Bf3 46.Bd4 g6 47.f6 
Ke6 48.Kxg6 Bxg4 49.f7 Bh5+ 50.Kxh5 Kxf7 51.Kg5 Ke6 52.Kf4 Kd7 53.Ke4 Kc7 
54.Be5+ Kc6 55.Bd4 Kc7 56.Be5+ Kc6 57.Bd4 Kc7 58.Ba7 b6 59.a6 Kc6 60.Bb8 
b5 61.a7 1/2-1/2

[Event "16th Unive op"]
[Site "Hoogeveen NED"]
[Date "2012.10.23"]
[Round "5.7"]
[White "Schoorl, Rob"]
[Black "Riemersma, Liafbern"]
[Result "0-1"]
[WhiteElo "2363"]
[BlackElo "2420"]
[EventDate "2012.10.19"]
[PlyCount "84"]

1.e4 c6 2.d4 d5 3.e5 Bf5 4.Nf3 e6 5.Be2 c5 6.Be3 cxd4 7.Nxd4 Ne7 8.Nd2 
Nbc6 9.N2f3 Be4 10.O-O Ng6 11.Nxc6 bxc6 12.Ng5 Be7 13.Nxe4 dxe4 14.Qd4 Qd5
15.Qc3 O-O 16.f4 exf3 17.Bxf3 Qxe5 18.Bd4 Qg5 19.Bxg7 Rfd8 20.Be4 Rd2 21.
Qxc6 Kxg7 22.Qxa8 Nf4 23.Kh1 Nh5 24.Qb8 Bd6 25.Rxf7+ Kxf7 26.Qxa7+ Be7 27.
Rf1+ Kg7 28.Bf3 Rxc2 29.Qd4+ e5 30.Qe4 Rc1 31.Be2 Nf6 32.Qb7 Rxf1+ 33.Bxf1
Ng4 34.h3 Nf2+ 35.Kh2 e4 36.Bc4 Qe5+ 37.Kg1 Nd3 38.b3 Kh6 39.Qc6+ Bd6 40.
Kf1 Qf4+ 41.Ke2 Qf2+ 42.Kd1 Qe1+ 0-1

[Event "16th Unive op"]
[Site "Hoogeveen NED"]
[Date "2012.10.23"]
[Round "5.8"]
[White "Donker, Roel"]
[Black "Guramishvili, Sopiko"]
[Result "0-1"]
[WhiteElo "2228"]
[BlackElo "2418"]
[EventDate "2012.10.19"]
[PlyCount "62"]

1.d4 d5 2.c4 c6 3.Nf3 Nf6 4.e3 Bg4 5.h3 Bxf3 6.Qxf3 e6 7.Nc3 Nbd7 8.Bd3 
Bb4 9.Bd2 O-O 10.a3 Ba5 11.cxd5 exd5 12.b4 Bc7 13.b5 Re8 14.O-O Ba5 15.
bxc6 bxc6 16.Rfc1 Rb8 17.Be1 Nf8 18.Qd1 Ne6 19.Qa4 c5 20.Bb5 Rf8 21.Rab1 
cxd4 22.exd4 Bb6 23.Ne2 Ne4 24.Bb4 Qf6 25.Bxf8 Qxf2+ 26.Kh1 Nf4 27.Nxf4 
Ng3+ 28.Kh2 Qxf4 29.Bd6 Qxd6 30.Rd1 Ne2+ 31.Kh1 Bc7 0-1

[Event "16th Unive op"]
[Site "Hoogeveen NED"]
[Date "2012.10.23"]
[Round "5.9"]
[White "Kasparov, Sergey"]
[Black "Van Foreest, Jorden"]
[Result "1/2-1/2"]
[WhiteElo "2476"]
[BlackElo "2225"]
[EventDate "2012.10.19"]
[PlyCount "90"]

1.Nf3 c5 2.c4 Nc6 3.b3 d6 4.Bb2 Nf6 5.e3 e6 6.Be2 Be7 7.O-O O-O 8.d4 b6 9.
d5 exd5 10.cxd5 Ne5 11.Nxe5 dxe5 12.Nc3 Ne8 13.e4 Nd6 14.Qc2 Bd7 15.Nd1 f6
16.Ne3 Qe8 17.Bg4 Bxg4 18.Nxg4 Rc8 19.Ne3 Qg6 20.f3 Rc7 21.Nc4 Rfc8 22.a4 
Qe8 23.Rfc1 Qd7 24.Qd3 Bf8 25.Rc2 Rb8 26.Bc1 b5 27.Nxd6 Bxd6 28.axb5 Qxb5 
29.Qxb5 Rxb5 30.Ra6 Rb6 31.Rxb6 axb6 32.Ra2 Kf7 33.Be3 b5 34.Kf2 c4 35.
bxc4 Rxc4 36.Ra6 Rc2+ 37.Kg3 Bf8 38.Ra7+ Kg6 39.Ra8 Be7 40.Rb8 b4 41.Rb7 
Bf8 42.h4 Rc3 43.Kf2 Rc2+ 44.Kg3 Re2 45.Ba7 h5 1/2-1/2

[Event "16th Unive op"]
[Site "Hoogeveen NED"]
[Date "2012.10.23"]
[Round "5.11"]
[White "De Jong, Migchiel"]
[Black "Kerigan, Demre"]
[Result "1/2-1/2"]
[WhiteElo "2369"]
[BlackElo "2238"]
[EventDate "2012.10.19"]
[PlyCount "133"]

1.e4 d6 2.d4 Nf6 3.Nc3 g6 4.Nf3 Bg7 5.Be2 O-O 6.O-O c5 7.d5 Na6 8.Bf4 Nc7 
9.a4 a6 10.Re1 Bd7 11.a5 Nb5 12.Na4 Qxa5 13.Nxc5 Qb4 14.Nxd7 Nxd7 15.Rb1 
Nc7 16.Nd2 Qa4 17.Nc4 Nf6 18.Nb6 Qxe4 19.Nxa8 Rxa8 20.Bg3 Qxd5 21.Bf3 Qxd1
22.Rbxd1 Ne6 23.Bxb7 Rb8 24.Bxa6 Rxb2 25.Bd3 Nh5 26.Bh4 Bc3 27.Rb1 g5 28.
Rxb2 Bxb2 29.Bg3 Nxg3 30.hxg3 Be5 31.Kf1 Kg7 32.Ke2 h6 33.g4 Kf6 34.Rh1 
Kg7 35.g3 Nc5 36.Rb1 Ne6 37.Rb7 Kf6 38.Rb8 Kg7 39.Re8 Bf6 40.Bc4 Nd4+ 41.
Kd3 Nf3 42.Ke3 Ne5 43.Be2 Nd7 44.Rd8 Nc5 45.Bc4 Na4 46.Bb3 Nc5 47.Rc8 Nd7 
48.Rc7 Nc5 49.Bc4 Kf8 50.Ra7 Kg7 51.Bd5 Kg8 52.f4 Kg7 53.f5 Kg8 54.Kd2 Kf8
55.Kc1 Be5 56.Ra8+ Kg7 57.Re8 Bf6 58.Bc6 Na6 59.c3 Nc7 60.Rd8 Na6 61.Kc2 
Nc5 62.Re8 Kh7 63.Rf8 Kg7 64.Ra8 Be5 65.Re8 Bf6 66.Bb5 Ne4 67.Rd8 1/2-1/2

[Event "16th Unive op"]
[Site "Hoogeveen NED"]
[Date "2012.10.23"]
[Round "5.13"]
[White "Johansson, Linus"]
[Black "De Ruiter, Danny"]
[Result "1-0"]
[WhiteElo "2287"]
[BlackElo "2182"]
[EventDate "2012.10.19"]
[PlyCount "41"]

1.d4 Nf6 2.c4 g6 3.Nc3 d5 4.Nf3 Bg7 5.Qb3 dxc4 6.Qxc4 O-O 7.e4 Bg4 8.Be2 
Nbd7 9.Be3 c5 10.dxc5 Bxf3 11.gxf3 Rc8 12.O-O-O Qa5 13.Kb1 Nxc5 14.Nd5 
Nxd5 15.Rxd5 b6 16.b4 Nxe4 17.bxa5 Rxc4 18.Bxc4 Nc3+ 19.Kc2 Rc8 20.Kb3 b5 
21.Rxb5 1-0

[Event "16th Unive op"]
[Site "Hoogeveen NED"]
[Date "2012.10.23"]
[Round "5.14"]
[White "Grandelius, Nils"]
[Black "Bosboom, Manuel"]
[Result "1/2-1/2"]
[WhiteElo "2593"]
[BlackElo "2402"]
[EventDate "2012.10.19"]
[PlyCount "81"]

1.d4 g6 2.Nf3 Bg7 3.c4 d6 4.g3 Nf6 5.Bg2 O-O 6.O-O Nbd7 7.Nc3 e5 8.e4 exd4
9.Nxd4 c6 10.h3 Qa5 11.Re1 Ne5 12.Bf1 Re8 13.Be3 Be6 14.Nxe6 Rxe6 15.Kg2 
Rae8 16.Rb1 Ned7 17.f3 a6 18.Qd2 h5 19.b4 Qc7 20.Rbd1 b5 21.Bf2 Qb7 22.a3 
Ne5 23.c5 Bf8 24.cxd6 Rxd6 25.Qc2 Rxd1 26.Rxd1 Ned7 27.Bd4 Nh7 28.Ne2 Bh6 
29.Bb2 Ng5 30.Nd4 Bg7 31.Qxc6 Qxc6 32.Nxc6 Bxb2 33.Rxd7 Kf8 34.Rd2 Bxa3 
35.h4 Ne6 36.Ra2 Rc8 37.Na7 Rc3 38.Bxb5 axb5 39.Nxb5 Bxb4 40.Nxc3 Bxc3 41.
Rc2 1/2-1/2

[Event "16th Unive op"]
[Site "Hoogeveen NED"]
[Date "2012.10.23"]
[Round "5.15"]
[White "Van der Lende, Ilias"]
[Black "Van Delft, Merijn"]
[Result "1/2-1/2"]
[WhiteElo "2169"]
[BlackElo "2395"]
[EventDate "2012.10.19"]
[PlyCount "36"]

1.e4 c5 2.c3 d5 3.exd5 Qxd5 4.d4 g6 5.dxc5 Qxc5 6.Be3 Qc7 7.Na3 a6 8.Nc4 
Nd7 9.Bd4 Ngf6 10.Nf3 Bg7 11.a4 O-O 12.Be2 Nh5 13.Bxg7 Kxg7 14.Qd4+ Kg8 
15.Nfe5 Nhf6 16.O-O Nc5 17.b4 Ne6 18.Qb6 Nd5 1/2-1/2

[Event "16th Unive op"]
[Site "Hoogeveen NED"]
[Date "2012.10.23"]
[Round "5.16"]
[White "Vedder, Henk"]
[Black "Vogel, Jaap"]
[Result "1/2-1/2"]
[WhiteElo "2378"]
[BlackElo "2158"]
[EventDate "2012.10.19"]
[PlyCount "100"]

1.e4 e6 2.Nf3 d5 3.Nc3 Nf6 4.e5 Nfd7 5.d4 c5 6.dxc5 Nc6 7.Bf4 Nxc5 8.Qd2 
Be7 9.O-O-O a6 10.Bd3 h6 11.h4 Bd7 12.Rh3 Qa5 13.Kb1 Nb4 14.Nd4 Nbxd3 15.
cxd3 Na4 16.Nde2 Rc8 17.Be3 Nxc3+ 18.Nxc3 b5 19.Bd4 b4 20.Ne2 Qc7 21.Rdh1 
h5 22.f3 a5 23.g4 Bb5 24.Nf4 hxg4 25.fxg4 g5 26.hxg5 Rxh3 27.Nxh3 Kd7 28.
Nf2 Rg8 29.Rh7 Ke8 30.Rh5 a4 31.b3 a3 32.Nh3 Kd7 33.Qc2 Qxc2+ 34.Kxc2 Ke8 
35.Be3 Kd7 36.Rh7 Ke8 37.Kd2 Bc6 38.Ke2 Bb5 39.Kd2 Ba6 40.d4 Bf1 41.Nf2 
Bb5 42.Rh5 Bf1 43.Nd3 Bxd3 44.Kxd3 Kf8 45.Bd2 Kg7 46.Rh1 Rc8 47.Rh6 Rh8 
48.Rxh8 Kxh8 49.g6 fxg6 50.g5 Kg8 1/2-1/2

[Event "16th Unive op"]
[Site "Hoogeveen NED"]
[Date "2012.10.23"]
[Round "5.17"]
[White "Veinberg, Nimrod"]
[Black "Afek, Yochanan"]
[Result "0-1"]
[WhiteElo "2170"]
[BlackElo "2312"]
[EventDate "2012.10.19"]
[PlyCount "52"]

1.d4 d5 2.c4 dxc4 3.Nf3 c5 4.d5 e6 5.e4 exd5 6.exd5 Nf6 7.Bxc4 Bd6 8.O-O 
O-O 9.Nc3 a6 10.a4 Bg4 11.h3 Bh5 12.g4 Bg6 13.Nh4 Re8 14.f4 Ne4 15.Nxg6 
hxg6 16.Qf3 Nxc3 17.bxc3 Nd7 18.Bd3 c4 19.Bxc4 Rc8 20.Be2 Nc5 21.c4 Nb3 
22.Qxb3 Rxe2 23.Bb2 Bc5+ 24.Kh1 Re3 25.Rf3 Rxb3 26.Rxb3 Qe7 0-1

[Event "16th Unive op"]
[Site "Hoogeveen NED"]
[Date "2012.10.23"]
[Round "5.18"]
[White "Van der Poel, Henk"]
[Black "Schoehuys, Erik"]
[Result "1/2-1/2"]
[WhiteElo "2306"]
[BlackElo "2123"]
[EventDate "2012.10.19"]
[PlyCount "43"]

1.e4 e5 2.Nf3 Nc6 3.d4 exd4 4.Nxd4 Bc5 5.Be3 Bb6 6.Nc3 d6 7.Qd2 Nf6 8.f3 
O-O 9.O-O-O Qe7 10.g4 Nxd4 11.Bxd4 Bxd4 12.Qxd4 Be6 13.h3 Nd7 14.f4 Nb6 
15.Bg2 Rad8 16.Rhe1 c6 17.g5 f6 18.gxf6 Qxf6 19.f5 Bf7 20.Bf3 Nc4 21.Qxf6 
gxf6 22.Rg1+ 1/2-1/2

[Event "16th Unive op"]
[Site "Hoogeveen NED"]
[Date "2012.10.23"]
[Round "5.20"]
[White "Kasparova, Tatiana"]
[Black "Vedder, Richard"]
[Result "0-1"]
[WhiteElo "2126"]
[BlackElo "2267"]
[EventDate "2012.10.19"]
[PlyCount "62"]

1.e4 e6 2.d3 d5 3.Nd2 Nf6 4.Ngf3 b6 5.Qe2 dxe4 6.Nxe4 Bb7 7.Bd2 Be7 8.
O-O-O O-O 9.h4 Qe8 10.Nfg5 Nbd7 11.Rh3 Nc5 12.Nxc5 Bxc5 13.Ne4 Nxe4 14.
dxe4 Qa4 15.Kb1 Qxe4 16.Qxe4 Bxe4 17.f3 Bb7 18.Bf4 Rad8 19.Bd3 Bd6 20.Be3 
c5 21.Rhh1 Bg3 22.Rd2 h6 23.Rhd1 Bxh4 24.Rh1 Be7 25.Rh3 f5 26.b3 Bf6 27.
Re2 Kf7 28.Bc1 Bd5 29.g4 fxg4 30.fxg4 Rfe8 31.Rf2 Ke7 0-1

[Event "16th Unive op"]
[Site "Hoogeveen NED"]
[Date "2012.10.23"]
[Round "5.21"]
[White "Lindgren, Philip"]
[Black "Henseler, Jorgen"]
[Result "1-0"]
[WhiteElo "2265"]
[BlackElo "2062"]
[EventDate "2012.10.19"]
[PlyCount "55"]

1.d4 Nf6 2.c4 g6 3.Nc3 d5 4.Nf3 Bg7 5.Qb3 dxc4 6.Qxc4 a6 7.e4 b5 8.Qb3 Bb7
9.e5 Nd5 10.a4 Nxc3 11.Qxc3 Qd7 12.axb5 axb5 13.Rxa8 Bxa8 14.Be2 O-O 15.
O-O Bd5 16.Be3 c6 17.Ra1 Qb7 18.Qa3 Rd8 19.Ne1 e6 20.Qa5 Rc8 21.Qa7 Qxa7 
22.Rxa7 c5 23.Bxb5 cxd4 24.Bxd4 Rc1 25.Kf1 Nc6 26.Ra8+ Bf8 27.Be3 Nxe5 28.
Rxf8+ 1-0

[Event "16th Unive op"]
[Site "Hoogeveen NED"]
[Date "2012.10.23"]
[Round "5.22"]
[White "Van Osch, Mees"]
[Black "Heemskerk, Wim"]
[Result "0-1"]
[WhiteElo "2083"]
[BlackElo "2254"]
[EventDate "2012.10.19"]
[PlyCount "86"]

1.e4 e6 2.d4 d5 3.Nc3 Nf6 4.e5 Nfd7 5.f4 c5 6.Nf3 Nc6 7.Be3 Be7 8.Qd2 O-O 
9.dxc5 Bxc5 10.O-O-O Qa5 11.Bxc5 Nxc5 12.Kb1 Bd7 13.h4 Rfd8 14.Nd4 Be8 15.
Qe3 Rac8 16.Be2 a6 17.Bg4 Na4 18.Rh3 Nb4 19.Nxa4 Bxa4 20.Nb3 Nxc2 21.Nxa5 
Nxe3 22.Rxe3 Bc2+ 23.Kc1 Bf5+ 24.Kd2 Rc2+ 25.Ke1 Bxg4 26.Rd2 Rc1+ 27.Kf2 
Rc7 28.Rb3 Rdd7 29.Ke3 f6 30.Rb6 Bf5 31.Rd4 fxe5 32.fxe5 Be4 33.Rxe6 Bxg2 
34.Kf4 Be4 35.Rd6 Rf7+ 36.Kg4 Kf8 37.e6 Rf1 38.Rb4 Rc2 39.Rxe4 dxe4 40.
Nxb7 Ke7 41.Rd4 e3 42.Nd8 Rg2+ 43.Kh3 Rd2 0-1

[Event "16th Unive op"]
[Site "Hoogeveen NED"]
[Date "2012.10.23"]
[Round "5.25"]
[White "Lesman, Francis"]
[Black "Piasetski, Leon David"]
[Result "0-1"]
[WhiteElo "2100"]
[BlackElo "2298"]
[EventDate "2012.10.19"]
[PlyCount "48"]

1.d4 e6 2.c4 f5 3.g3 Nf6 4.Bg2 Be7 5.b3 O-O 6.Nh3 d5 7.O-O c5 8.dxc5 d4 9.
Nf4 e5 10.Nd5 Nxd5 11.Bxd5+ Kh8 12.b4 a5 13.e3 dxe3 14.fxe3 axb4 15.Nd2 
Bxc5 16.Nb3 Ba7 17.Kh1 Na6 18.Bb2 Qe7 19.e4 Nc7 20.Qh5 Nxd5 21.cxd5 Bb8 
22.h4 Ra6 23.Bc1 f4 24.Qg5 Qd7 0-1

[Event "16th Unive op"]
[Site "Hoogeveen NED"]
[Date "2012.10.23"]
[Round "5.26"]
[White "Klapwijk, Bram"]
[Black "Ben Artzi, Ido"]
[Result "0-1"]
[WhiteElo "2039"]
[BlackElo "2286"]
[EventDate "2012.10.19"]
[PlyCount "82"]

1.e4 d6 2.Nc3 Nf6 3.Bc4 g6 4.d3 Bg7 5.f4 c6 6.Bb3 Na6 7.Nf3 Nc5 8.O-O O-O 
9.Qe1 a5 10.d4 Ncxe4 11.Nxe4 Nxe4 12.Bxf7+ Rxf7 13.Qxe4 Bf5 14.Qe2 Qd7 15.
Ng5 Rff8 16.Qc4+ d5 17.Qc5 Qd6 18.c3 Qxc5 19.dxc5 d4 20.Bd2 a4 21.Rac1 
Rfd8 22.Nf3 d3 23.Rfe1 Kf8 24.h3 Rd5 25.g4 Bc8 26.Re3 h5 27.gxh5 gxh5 28.
Ng5 Bf5 29.Ne6+ Bxe6 30.Rxe6 Rxc5 31.Rce1 Bf6 32.Be3 Rb5 33.Bd4 Bxd4+ 34.
cxd4 Rxb2 35.Rh6 d2 36.Rd1 Ra5 37.Kf2 Rxa2 38.Ke3 a3 39.Rg6 Rb2 40.Ke4 a2 
41.Rgg1 Rab5 0-1

[Event "16th Unive op"]
[Site "Hoogeveen NED"]
[Date "2012.10.23"]
[Round "5.27"]
[White "Majhi, Ankit"]
[Black "Hovenga, Alje"]
[Result "1/2-1/2"]
[WhiteElo "1923"]
[BlackElo "2246"]
[EventDate "2012.10.19"]
[PlyCount "136"]

1.e4 c6 2.d4 d5 3.Nd2 dxe4 4.Nxe4 Nd7 5.Ng5 Ngf6 6.Bd3 e6 7.Qe2 Bd6 8.N1f3
h6 9.Ne4 Nxe4 10.Qxe4 Qc7 11.O-O b6 12.b3 Bb7 13.Qg4 g5 14.Qe4 c5 15.Qe2 
g4 16.Ne5 Nxe5 17.dxe5 Bxe5 18.Bb5+ Ke7 19.Rb1 Bxh2+ 20.Kh1 Qe5 21.Qxg4 
Rag8 22.Qh4+ f6 23.f3 Bg3 24.Qh3 a6 25.Bb2 Qg5 26.Bc4 Bc8 27.Bc1 Qh4 28.
Qxh4 Bxh4 29.Be3 Bg3 30.b4 Bd6 31.bxc5 Bxc5 32.Bxc5+ bxc5 33.Rfe1 Rd8 34.
Kh2 Rd4 35.Re4 Rhd8 36.Bd3 Rxe4 37.fxe4 Rd4 38.Kg3 c4 39.Rb4 Kd6 40.Rxc4 
Rxc4 41.Bxc4 Ke5 42.Bd3 Bb7 43.c3 a5 44.Kf3 f5 45.Ke3 Bxe4 46.Bxe4 fxe4 
47.c4 a4 48.g3 a3 49.g4 Kd6 50.Kxe4 Kc5 51.Kd3 e5 52.Ke4 Kxc4 53.Kxe5 Kc3 
54.Ke4 Kc2 55.Ke3 Kc3 56.Ke4 Kd2 57.Kd4 Ke2 58.Ke4 Kf2 59.Kf4 Kg2 60.g5 
hxg5+ 61.Kxg5 Kf3 62.Kh4 Ke3 63.Kg3 Kd3 64.Kf3 Kc2 65.Ke2 Kb2 66.Kd2 Kxa2 
67.Kc2 Ka1 68.Kc1 a2 1/2-1/2

[Event "16th Unive op"]
[Site "Hoogeveen NED"]
[Date "2012.10.23"]
[Round "5.28"]
[White "Vroombout, Enrico"]
[Black "Potze, Rudolf"]
[Result "0-1"]
[WhiteElo "2243"]
[BlackElo "2124"]
[EventDate "2012.10.19"]
[PlyCount "68"]

1.e4 c5 2.Nf3 Nc6 3.d4 cxd4 4.Nxd4 Nf6 5.Nc3 e5 6.Ndb5 d6 7.Nd5 Nxd5 8.
exd5 Nb8 9.c4 a6 10.Nc3 Be7 11.Be2 O-O 12.O-O f5 13.f4 Nd7 14.Kh1 g6 15.g3
Bf6 16.Qc2 Re8 17.Bd1 exf4 18.gxf4 b5 19.cxb5 axb5 20.Bf3 b4 21.Ne2 Ba6 
22.Rd1 Qb6 23.Ng3 Rac8 24.Qg2 Kh8 25.Rb1 Nc5 26.Qg1 b3 27.Ra1 Bc4 28.axb3 
Bxb3 29.Re1 Qb4 30.Be3 Nd3 31.Re2 Nxf4 32.Rd2 Nh3 33.Bd4 Nxg1 34.Bxf6+ Kg8
0-1

[Event "16th Unive op"]
[Site "Hoogeveen NED"]
[Date "2012.10.23"]
[Round "5.29"]
[White "Clemens, Adrian HP"]
[Black "Baskin, Robert"]
[Result "1/2-1/2"]
[WhiteElo "2213"]
[BlackElo "2071"]
[EventDate "2012.10.19"]
[PlyCount "138"]

1.d4 Nf6 2.c4 g6 3.Nc3 Bg7 4.e4 d6 5.f3 O-O 6.Be3 Nc6 7.Nge2 a6 8.Qd2 Rb8 
9.Rc1 Bd7 10.Nd1 Ne8 11.Nf2 e5 12.d5 Ne7 13.g3 c5 14.b4 b6 15.Bg2 f5 16.
O-O Nf6 17.Rb1 Qc7 18.Rfc1 Kh8 19.Rc3 a5 20.bxc5 bxc5 21.Rcb3 Rxb3 22.Rxb3
a4 23.Rb2 Rb8 24.Qc3 Nc8 25.Bf1 Rxb2 26.Qxb2 Qb6 27.Qxb6 Nxb6 28.Nc3 Ng8 
29.Bg5 Bf6 30.Bd2 Ne7 31.Nb5 Nec8 32.Nd1 Kg7 33.Nb2 Kf7 34.a3 fxe4 35.fxe4
Bg4 36.Kf2 h5 37.Bd3 Bd7 38.Nc3 Bg4 39.Bc2 Ke7 40.Ncxa4 Nxa4 41.Bxa4 Kf7 
42.Bb3 Bd8 43.a4 Ke8 44.a5 Kd7 45.Ba4+ Kc7 46.Nd3 Kb7 47.Ne1 Na7 48.Nf3 
Ka6 49.Be8 Bxa5 50.Bg5 Nc8 51.Nh4 Bc3 52.Bd8 Bd4+ 53.Kg2 Be2 54.Bxg6 Bxc4 
55.Bxh5 Bd3 56.Bf3 Be3 57.Nf5 Bd2 58.h4 c4 59.Bg5 Bxg5 60.hxg5 c3 61.Ne3 
c2 62.Nxc2 Bxc2 63.Kh3 Kb5 64.Kg4 Ne7 65.Kh5 Kc4 66.g6 Kd4 67.g7 Ke3 68.
Bh1 Bxe4 69.Bxe4 Kxe4 1/2-1/2

[Event "16th Unive op"]
[Site "Hoogeveen NED"]
[Date "2012.10.23"]
[Round "5.31"]
[White "Kazarian, Anna-Maja"]
[Black "Van 't Hof, Eric"]
[Result "0-1"]
[WhiteElo "1864"]
[BlackElo "2137"]
[EventDate "2012.10.19"]
[PlyCount "68"]

1.e4 e5 2.Nf3 Nc6 3.Bb5 a6 4.Ba4 d6 5.c3 Bd7 6.O-O Nge7 7.d4 Ng6 8.Re1 Be7
9.Nbd2 O-O 10.Nf1 Bf6 11.h3 Re8 12.d5 Nce7 13.Bxd7 Qxd7 14.g4 h6 15.Ng3 
Nf4 16.Kh2 Kh7 17.Nf5 Ng8 18.Bxf4 exf4 19.Qd2 Be5 20.a4 g6 21.N5d4 Ne7 22.
Nxe5 dxe5 23.Nf3 f6 24.c4 Kg7 25.b4 g5 26.Qe2 Rh8 27.Ng1 Rh7 28.Kg2 Rah8 
29.Kf1 h5 30.gxh5 Rxh5 31.Reb1 Rxh3 32.Nxh3 Qxh3+ 33.Ke1 Qc3+ 34.Qd2 Rh1+ 
0-1

[Event "16th Unive op"]
[Site "Hoogeveen NED"]
[Date "2012.10.23"]
[Round "5.33"]
[White "Van der Lende, Nathalie"]
[Black "Mellema, Andries"]
[Result "0-1"]
[WhiteElo "1968"]
[BlackElo "2181"]
[EventDate "2012.10.19"]
[PlyCount "50"]

1.e4 e6 2.d4 d5 3.exd5 exd5 4.Nf3 Nc6 5.c4 Bb4+ 6.Nc3 Nge7 7.cxd5 Nxd5 8.
Bd2 O-O 9.Be2 Bg4 10.O-O Re8 11.Re1 Nde7 12.Be3 Nf5 13.Qd3 Qe7 14.Bg5 Qd7 
15.d5 Bxf3 16.Bxf3 Ne5 17.Qe4 h6 18.Bd2 Nxf3+ 19.Qxf3 Rxe1+ 20.Rxe1 Rd8 
21.Re5 Ne7 22.Qg3 Bd6 23.Bf4 Ng6 24.Ne4 Bxe5 25.Bxe5 Qxd5 0-1

[Event "16th Unive op"]
[Site "Hoogeveen NED"]
[Date "2012.10.23"]
[Round "5.36"]
[White "Hendriks, Richard V"]
[Black "Haver, Daan"]
[Result "1-0"]
[WhiteElo "2123"]
[BlackElo "1985"]
[EventDate "2012.10.19"]
[PlyCount "95"]

1.e4 c5 2.Nf3 d6 3.d4 cxd4 4.Nxd4 Nf6 5.Nc3 g6 6.Be3 Bg7 7.f3 O-O 8.Qd2 
Nc6 9.O-O-O d5 10.Kb1 Nxd4 11.e5 Nf5 12.exf6 exf6 13.Nxd5 Qxd5 14.Qxd5 
Nxe3 15.Qd2 Nxd1 16.Qxd1 Be6 17.Bb5 Rfd8 18.Qe2 a6 19.Bc4 Re8 20.Rd1 Rac8 
21.Bxe6 Rxe6 22.Qd3 Rce8 23.a4 Bh6 24.Qd7 R6e7 25.Qh3 Bf8 26.Rd7 h5 27.
Rxe7 Rxe7 28.Qc8 Kg7 29.c4 Re2 30.Qxb7 Rxg2 31.b4 Rxh2 32.c5 h4 33.c6 h3 
34.c7 Rg2 35.c8=Q h2 36.Qc1 Rg1 37.f4 Bxb4 38.Qh1 Rxc1+ 39.Kxc1 Bd6 40.
Qxh2 g5 41.Kd1 Bxf4 42.Qe2 a5 43.Qb5 Kg6 44.Qxa5 Be3 45.Ke2 Bg1 46.Qd5 f5 
47.a5 f4 48.Kf3 1-0

[Event "16th Unive op"]
[Site "Hoogeveen NED"]
[Date "2012.10.23"]
[Round "5.37"]
[White "Klomp, Robert"]
[Black "Kolodkin, Daniil"]
[Result "1/2-1/2"]
[WhiteElo "2119"]
[BlackElo "1943"]
[EventDate "2012.10.19"]
[PlyCount "42"]

1.c4 Nf6 2.Nc3 d5 3.cxd5 Nxd5 4.d4 g6 5.Qb3 Nxc3 6.bxc3 Bg7 7.Ba3 Nd7 8.
Nf3 c5 9.e3 O-O 10.Be2 Qc7 11.O-O b6 12.Rac1 Bb7 13.Rfd1 e6 14.c4 Rad8 15.
Ne1 Rfe8 16.Bb2 cxd4 17.exd4 e5 18.d5 Nc5 19.Qc2 e4 20.Bd4 Bxd4 21.Rxd4 f5
1/2-1/2

[Event "16th Unive op"]
[Site "Hoogeveen NED"]
[Date "2012.10.23"]
[Round "5.38"]
[White "Slingerland, Caroline"]
[Black "Ritsema, Ronald JE"]
[Result "1/2-1/2"]
[WhiteElo "2103"]
[BlackElo "2058"]
[EventDate "2012.10.19"]
[PlyCount "24"]

1.e4 e6 2.d4 d5 3.Nc3 Bb4 4.e5 c5 5.Bd2 Ne7 6.a3 Bxc3 7.Bxc3 Nbc6 8.Nf3 
cxd4 9.Bxd4 Bd7 10.Bc3 Qb6 11.Bd3 Ng6 12.Bxg6 hxg6 1/2-1/2

[Event "16th Unive op"]
[Site "Hoogeveen NED"]
[Date "2012.10.23"]
[Round "5.39"]
[White "Djuric, Olgica"]
[Black "Hoffman, Ron"]
[Result "0-1"]
[WhiteElo "1880"]
[BlackElo "2107"]
[EventDate "2012.10.19"]
[PlyCount "72"]

1.d4 g6 2.Nf3 Bg7 3.e4 d6 4.Be2 Nf6 5.Nc3 O-O 6.Bg5 h6 7.Bf4 Nc6 8.d5 Nb4 
9.a3 Na6 10.Bxa6 bxa6 11.Qd2 Kh7 12.h3 e6 13.O-O e5 14.Be3 Nh5 15.g4 Qf6 
16.Kg2 Nf4+ 17.Kg3 Nxh3 18.Rh1 Nf4 19.g5 Qe7 20.Bxf4 exf4+ 21.Qxf4 h5 22.
Kg2 Kg8 23.Rab1 Bg4 24.Ne2 f6 25.Ned4 fxg5 26.Qe3 Rf4 27.Nd2 Raf8 28.f3 
Bxd4 29.Qxd4 Bxf3+ 30.Nxf3 Rxf3 31.Rh3 Qf7 32.Rg3 Rxg3+ 33.Kxg3 h4+ 34.Kg2
Qf3+ 35.Kg1 Qg3+ 36.Kh1 Rf2 0-1